Diagenetic and hydrothermal alterations of volcanic rocks into clay minerals and zeolites (Kremnické vrchy Mts., the Western Carpathians)

Bibliographic Details
Main Authors: Kraus, Ivan, 1935- (Author), Šamajová, Eva, 1934- (Author), Šucha, Vladimír, 1961- (Author), Lexa, Jaroslav, 1944- (Author), Hroncová, Zuzana, 1950 (Author)
Format: Article
Language:Slovak
English
PhysicalDescription:Obr. 4, tab. 1, res. angl., lit. 46 zázn. v angl.
ISSN:0016-7738
Subjects:

MARC

LEADER 00000nab a2200000 a 4500
001 vtls000532974
003 SK-MaSNL
005 20260304213444.0
008 250425c1994 xo 0 slo
015 |a SNBRB19rr/mm-uuuuu 
035 |a CL0533112 
035 |a urn:nbn:sk:snk-ab78n8 
035 |a (uuid)e2a54937-58b9-4981-9f66-61af3d4a98d0 
035 |a (urnnbn)urn:nbn:sk:snk:ar-a0776h 
035 |a (sysno)vtls000532974 
040 |a SNKBUCL  |b slo  |c SNKBUCL  |e AACR2 
041 0 |a eng 
044 |a xo  |c SK 
080 |a 553.6(234.372.3)  |2 1981 
245 0 0 |a Diagenetic and hydrothermal alterations of volcanic rocks into clay minerals and zeolites (Kremnické vrchy Mts., the Western Carpathians)  |c Ivan Kraus ... [et al.] 
300 |b Obr. 4, tab. 1, res. angl., lit. 46 zázn. v angl. 
650 0 7 |a zeolity  |2 snkbucl  |9 15712 
650 0 7 |a ílové minerály  |2 snkbucl  |9 28163 
651 7 |a Kremnické vrchy (Slovensko : pohorie)  |2 snkbucl  |9 19876 
655 7 |a články z novín a časopisov  |2 snkbucl  |9 267496 
700 1 |a Kraus, Ivan,  |d 1935-  |4 aut  |9 5711 
700 1 |a Šamajová, Eva,  |d 1934-  |4 aut  |9 114102 
700 1 |a Šucha, Vladimír,  |d 1961-  |4 aut  |9 224233 
700 1 |a Lexa, Jaroslav,  |d 1944-  |4 aut  |9 99990 
700 1 |a Hroncová, Zuzana,  |d 1950  |4 aut  |9 7276 
773 0 |t Geologica carpathica  |g Roč. 45, č. 3 (1994), s. 151-158  |x 0016-7738 
850 |a Slovenská národná knižnica 
852 |a Slovenská národná knižnica 
958 |a article27 
958 |a RK 
958 |a NB 
958 |a OND 
958 |a EUIPO 
992 |a RBX 
999 |c 3136049  |d 3137979